000 00457nam a2200169Ia 4500
008 230917s9999||||xx |||||||||||||| ||und||
020 _cRS 1060.00
040 _e5001247
_aMAIN
041 _aEnglish
082 _a514 G621B
100 _aGoodman, Sue E
245 0 _aBeginning topology
260 _aProvidence
_bAmerican Mathematical Society
_c2013
300 _axiii, 236 p.
500 _a4108 08/10/2021 HBD22/8859 11/10/2021 Main Budget
942 _cBK
999 _c2648
_d2648